Land, the Bible, and History (Record no. 13723)

MARC details
000 -LEADER
fixed length control field 00617nam a2200241 a 4500
020 ## - INTERNATIONAL STANDARD BOOK NUMBER
ISBN 9780823226603
082 00 - DEWEY DECIMAL CLASSIFICATION NUMBER
Classification number 220.9
Author Cutter MAR
100 ## - MAIN ENTRY--AUTHOR NAME
Author name Marchadour, Alain
245 ## - TITLE STATEMENT
Title Land, the Bible, and History
260 ## - PUBLICATION, DISTRIBUTION, ETC. (IMPRINT)
Place of publication New York
Name of publisher Fordham University Press
Year of publication 2007
300 ## - PHYSICAL DESCRIPTION
Number of Pages 239p
500 ## - GENERAL NOTE
General note includes index and biblioraphy
505 2# - FORMATTED CONTENTS NOTE
Formatted contents note notes, biblio, index
650 ## - SUBJECT ADDED ENTRY--TOPICAL TERM
Topical Term Bible-Geography
942 ## - ADDED ENTRY ELEMENTS (KOHA)
Koha item type Books
700 1# -
-- Marchadour, Alain
Holdings
Collection code Home library Current library Date acquired Cost, normal purchase price Full call number Accession Number Koha item type
  Henry Martyn Institute Library Henry Martyn Institute Library 07/19/2011 100.00 220.9 MAR 023643 Books
                   Copyright © 2026 | Henry Martyn Institute | Hyderabad | TS-500052 | INDIA | Implemented by hmi.edu.in
Hit-Count:

Powered by Koha